LEADER 01126nam a2200289 i 4500 001 991001219779707536 005 20020502185304.0 008 980910s1983 it ||| | ita 020 $a8820415453 035 $ab1148097x-39ule_inst 035 $aPRUMB57000$9ExL 040 $aDip. SSSC$bita 082 0 $a658.4 100 1 $aSimon, Herbert A.$0458148 245 10$aInformatica, direzione aziendale e organizzazione del lavoro :$bla nuova scienza delle decisioni manageriali /$cHerbert A. Simon 250 $a3. ed. 260 $aMilano :$bFranco Angeli,$c1983 300 $a176 p. ;$c22 cm. 440 3$aLa società industriale e postindustriale. Sez. 1 Classici ;$v46 650 4$aAziende$xOrganizzazione 650 4$aElaboratori elettronici$xImpiego nelle aziende 907 $a.b1148097x$b02-04-14$c01-07-02 912 $a991001219779707536 945 $aLE021 NAE75$g1$i2021000020278$lle021$o-$pE0.00$q-$rl$s- $t0$u1$v0$w1$x0$y.i11671774$z01-07-02 996 $aInformatica, direzione aziendale e organizzazione del lavoro$9812061 997 $aUNISALENTO 998 $ale021$b01-01-98$cm$da $e-$fita$git $h0$i1